Normal view
MARC view
- Dilation
Entry Topical Term
001 - CONTROL NUMBER
- control field: 8123
003 - CONTROL NUMBER IDENTIFIER
- control field: OSt
005 - DATE AND TIME OF LATEST TRANSACTION
- control field: 20260116123413.0
008 - FIXED-LENGTH DATA ELEMENTS
- fixed length control field: 260116|| aca||aabn | a|a d
040 ## - CATALOGING SOURCE
- Original cataloging agency: OSt
- Transcribing agency: OSt
150 ## - HEADING--TOPICAL TERM
- Topical term or geographic name entry element: Dilation
670 ## - SOURCE DATA FOUND
- Source citation: Work cat.: (OSt)755167: Gohberg, Israel 8121, Classes of linear operators Vol. II, 1993
